Instruments in Hindustani classical music: Role and performance (Record no. 5883)

MARC details
000 -LEADER
fixed length control field 00513nam a2200169Ia 4500
008 - FIXED-LENGTH DATA ELEMENTS--GENERAL INFORMATION
fixed length control field 230917s9999||||xx |||||||||||||| ||und||
020 ## - ISBN
Price RS 900.00
040 ## - CATALOGING SOURCE
-- 5007705
Original cataloging agency VIVEKANANDA LIBRARY
041 ## - Language
-- English
082 ## - DDC NUMBER
Classification number 785.0954 C349I
100 ## - MAIN ENTRY--PERSONAL NAME
Personal name Chakravorty, Sumita
245 #0 - TITLE STATEMENT
Title Instruments in Hindustani classical music: Role and performance
260 ## - PUBLICATION, DISTRIBUTION, ETC. (IMPRINT)
Place of publication, distribution, etc New Delhi
Name of publisher, distributor, etc Kanishka Publishers, Distributors
Date of publication, distribution, etc 2020
300 ## - PHYSICAL DESCRIPTION
Pages xiv, 290 p.
500 ## - GENERAL NOTE
General note 4584 17/10/2022 HBD22/9425 19/10/2022 Main Budget
942 ## - ADDED ENTRY ELEMENTS (KOHA)
Koha item type Books
Holdings
Withdrawn status Lost status Damaged status Not for loan Location (home branch) Sublocation or collection (holding branch) Date acquired Koha issues (times borrowed) Koha full call number Accession No. Koha date last seen Koha item type
        VIVEKANANDA LIBRARY VIVEKANANDA LIBRARY 03/11/2022   785.0954 C349I 401087 17/09/2023 Books
        VIVEKANANDA LIBRARY VIVEKANANDA LIBRARY 03/11/2022   785.0954 C349I 401088 17/09/2023 Books
© Designed and Maintained by Vivekananda Library, MDU Rohtak